000 00803nam a2200253Ia 4500
003 OSt
005 20220927113456.0
006 a|||||r|||| 00| 0
007 ta
008 220926b |||||||| |||| 00| 0 eng d
024 _a6306
037 _cTextbook
040 _aRTL
_cRTL
_beng
041 _2eng
_aeng
082 _a"X:75:(B).2.N9, P0/TD3"
111 _aSeminar on Policy Modelling for India (2000 : Delhi India)
_9386001
245 0 _aPapers
260 _aDelhi
_bDelhi School of Economics India
_c2000
300 _aVarious pagination
_ccm.
490 _a"Delhi School of Economics, Centre for Development Economics, Publication"
650 _aEconomic Planning
_9386002
942 _h"X:75:(B).2.N9, P0/TD3"
_cCC
999 _c702137
_d702137